the Sun and the heliosphere in three dimensions (Record no. 8742)

MARC details
000 -LEADER
fixed length control field 00903nam a2200217Ia 4500
003 - CONTROL NUMBER IDENTIFIER
control field IN-BaIIA
008 - FIXED-LENGTH DATA ELEMENTS--GENERAL INFORMATION
fixed length control field 211028s9999 xx 000 0 eng d
020 ## - INTERNATIONAL STANDARD BOOK NUMBER
International Standard Book Number 90-277-2198-X
040 ## - CATALOGING SOURCE
Transcribing agency IIA Library
080 ## - UNIVERSAL DECIMAL CLASSIFICATION NUMBER
Universal Decimal Classification number 52(082.1)
Item number ASS-123
111 ## - MAIN ENTRY--MEETING NAME
Meeting name or jurisdiction name as entry element Eslab Symposium on the Sun and the Heliosphere in Three Dimensions
Number of part/section/meeting 19th
Location of meeting Les Diablerets
Date of meeting or treaty signing 1985 June 4-6
9 (RLIN) 14685
245 #4 - TITLE STATEMENT
Title the Sun and the heliosphere in three dimensions
Remainder of title proceedings of the XIXth the Sun and the heliosphere in three dimensions, held in Les Diablerets, Switzerland, 4-6 June 1985 
Statement of responsibility, etc. edited by R. G. Marsden
260 ## - PUBLICATION, DISTRIBUTION, ETC.
Place of publication, distribution, etc. Dordrecht
Name of publisher, distributor, etc. D. Reidel Publishing
Date of publication, distribution, etc. 1986
300 ## - PHYSICAL DESCRIPTION
Extent xii, 525p.
650 ## - SUBJECT ADDED ENTRY--TOPICAL TERM
Topical term or geographic name entry element Astronomy and Astrophysics thesaurus
650 ## - SUBJECT ADDED ENTRY--TOPICAL TERM
Topical term or geographic name entry element Heliocentric velocity
9 (RLIN) 14686
650 ## - SUBJECT ADDED ENTRY--TOPICAL TERM
Topical term or geographic name entry element Heliosphere
9 (RLIN) 14687
650 ## - SUBJECT ADDED ENTRY--TOPICAL TERM
Topical term or geographic name entry element Sun
9 (RLIN) 1200
700 ## - ADDED ENTRY--PERSONAL NAME
Personal name Marsden, R. G., ed.
9 (RLIN) 14688
942 ## - ADDED ENTRY ELEMENTS (KOHA)
Koha item type Books
Holdings
Withdrawn status Lost status Damaged status Not for loan Home library Current library Shelving location Date acquired Total Checkouts Full call number Barcode Date last seen Price effective from Koha item type Purchase Price
        IIA Library-Bangalore IIA Library-Bangalore General Stacks 25/06/1986   52(082.1)/ ASS-123 9617 05/11/2021 25/06/1986 Books DFL 195.00

Powered by Koha